Assessment in learning 1 / (Record no. 11911)
[ view plain ]
| 000 -LEADER | |
|---|---|
| fixed length control field | 01370nam a2200289 i 4500 |
| 005 - DATE AND TIME OF LATEST TRANSACTION | |
| control field | 20240508123043.0 |
| 008 - FIXED-LENGTH DATA ELEMENTS--GENERAL INFORMATION | |
| fixed length control field | 220307s2020 ph b 001 0 eng d |
| 020 ## - INTERNATIONAL STANDARD BOOK NUMBER | |
| International Standard Book Number | 9786210401233 |
| 040 ## - CATALOGING SOURCE | |
| Transcribing agency | CSPC |
| Original cataloging agency | CSPC |
| Modifying agency | CSPC |
| Description conventions | rda |
| 082 04 - DEWEY DECIMAL CLASSIFICATION NUMBER | |
| Classification number | 371.26 |
| Item number | B181a |
| 100 1# - MAIN ENTRY--PERSONAL NAME | |
| Personal name | Balagtas, Marilyn Ubiña, |
| Relator term | author. |
| 245 00 - TITLE STATEMENT | |
| Title | Assessment in learning 1 / |
| Statement of responsibility, etc. | Marilyn Ubiña-Balagtas, author-coordinator ; Adonis P. David [and 3 others]. |
| 264 #1 - PRODUCTION, PUBLICATION, DISTRIBUTION, MANUFACTURE, AND COPYRIGHT NOTICE | |
| Place of production, publication, distribution, manufacture | Manila : |
| Name of producer, publisher, distributor, manufacturer | REX Book Store, |
| Date of production, publication, distribution, manufacture, or copyright notice | 2020. |
| 300 ## - PHYSICAL DESCRIPTION | |
| Extent | xxii, 321 pages : |
| Other physical details | illustrations ; |
| Dimensions | 27 cm. |
| 336 ## - CONTENT TYPE | |
| Source | rdacontent |
| Content type term | text |
| 337 ## - MEDIA TYPE | |
| Source | rdamedia |
| Media type term | unmediated |
| 338 ## - CARRIER TYPE | |
| Source | rdacarrier |
| Carrier type term | volume |
| 504 ## - BIBLIOGRAPHY, ETC. NOTE | |
| Bibliography, etc. note | Includes bibliographical references and index. |
| 505 0# - FORMATTED CONTENTS NOTE | |
| Formatted contents note | Introduction to assessment in learning -- Development and administration of tests -- Organization, utilization, and communication of test results. |
| 650 10 - SUBJECT ADDED ENTRY--TOPICAL TERM | |
| Topical term or geographic name entry element | Educational tests and measurement |
| General subdivision | Study and teaching. |
| 700 1# - ADDED ENTRY--PERSONAL NAME | |
| Personal name | David, Adonis P., |
| Relator term | author. |
| 700 1# - ADDED ENTRY--PERSONAL NAME | |
| Personal name | Golla, Evangeline F., |
| Relator term | author. |
| 700 1# - ADDED ENTRY--PERSONAL NAME | |
| Personal name | Magno, Carlo P., |
| Relator term | author. |
| 700 1# - ADDED ENTRY--PERSONAL NAME | |
| Personal name | Valladolid, Violeta C., |
| Relator term | author. |
| 942 ## - ADDED ENTRY ELEMENTS (KOHA) | |
| Koha item type | Books |
| Source of classification or shelving scheme | Dewey Decimal Classification |
| Classification part | 371.26 B181a |
| Call number prefix | FIL |
| Call number suffix | 2020 |
| Suppress in OPAC | No |
| Withdrawn status | Lost status | Source of classification or shelving scheme | Damaged status | Not for loan | Home library | Current library | Shelving location | Date acquired | Total Checkouts | Full call number | Barcode | Date last seen | Copy number | Price effective from | Koha item type | Date last checked out |
|---|---|---|---|---|---|---|---|---|---|---|---|---|---|---|---|---|
| Dewey Decimal Classification | CAMPUS CSPC | CAMPUS CSPC | Filipiniana Section | 08/30/2023 | FIL 371.26 B181a 2020 | 000175-BUH | 08/30/2023 | 1-1 | 08/30/2023 | Books | ||||||
| Dewey Decimal Classification | Main Library | Main Library | Filipiniana Section | 05/12/2023 | FIL 371.26 B181a 2020 | 025362 | 05/12/2023 | 10-15 | 05/12/2023 | Books | ||||||
| Dewey Decimal Classification | Main Library | Main Library | Filipiniana Section | 05/12/2023 | 3 | FIL 371.26 B181a 2020 | 023232 | 12/09/2024 | 1-15 | 05/12/2023 | Books | 11/20/2024 | ||||
| Dewey Decimal Classification | Main Library | Main Library | Filipiniana Section | 05/12/2023 | 3 | FIL 371.26 B181a 2020 | 023233 | 09/29/2025 | 2-15 | 05/12/2023 | Books | 09/02/2025 | ||||
| Dewey Decimal Classification | Main Library | Main Library | Filipiniana Section | 05/12/2023 | FIL 371.26 B181a 2020 | 023234 | 05/12/2023 | 3-15 | 05/12/2023 | Books | ||||||
| Dewey Decimal Classification | Main Library | Main Library | Filipiniana Section | 05/12/2023 | 4 | FIL 371.26 B181a 2020 | 023235 | 11/07/2025 | 4-15 | 05/12/2023 | Books | 08/06/2025 | ||||
| Dewey Decimal Classification | Main Library | Main Library | Filipiniana Section | 05/12/2023 | FIL 371.26 B181a 2020 | 023409 | 05/12/2023 | 5-15 | 05/12/2023 | Books | ||||||
| Dewey Decimal Classification | Main Library | Main Library | Filipiniana Section | 05/12/2023 | 2 | FIL 371.26 B181a 2020 | 023410 | 11/21/2025 | 6-15 | 05/12/2023 | Books | 10/13/2025 | ||||
| Dewey Decimal Classification | Main Library | Main Library | Filipiniana Section | 05/12/2023 | FIL 371.26 B181a 2020 | 023411 | 05/12/2023 | 7-15 | 05/12/2023 | Books | ||||||
| Dewey Decimal Classification | Main Library | Main Library | Filipiniana Section | 05/12/2023 | FIL 371.26 B181a 2020 | 023412 | 05/12/2023 | 8-15 | 05/12/2023 | Books | ||||||
| Dewey Decimal Classification | Main Library | Main Library | Filipiniana Section | 05/12/2023 | 2 | FIL 371.26 B181a 2020 | 023413 | 09/09/2025 | 9-15 | 05/12/2023 | Books | 08/12/2025 | ||||
| Dewey Decimal Classification | Main Library | Main Library | Filipiniana Section | 05/08/2024 | FIL 371.26 B181a 2020 | 027621 | 05/08/2024 | 11-15 | 05/08/2024 | Books | ||||||
| Dewey Decimal Classification | Main Library | Main Library | Filipiniana Section | 05/08/2024 | 2 | FIL 371.26 B181a 2020 | 027622 | 11/03/2025 | 12-15 | 05/08/2024 | Books | 10/07/2025 | ||||
| Dewey Decimal Classification | Main Library | Main Library | Filipiniana Section | 05/08/2024 | 1 | FIL 371.26 B181a 2020 | 027623 | 09/16/2025 | 13-15 | 05/08/2024 | Books | 08/14/2025 | ||||
| Dewey Decimal Classification | Main Library | Main Library | Filipiniana Section | 05/08/2024 | 1 | FIL 371.26 B181a 2020 | 027624 | 09/09/2025 | 14-15 | 05/08/2024 | Books | 08/12/2025 | ||||
| Dewey Decimal Classification | Main Library | Main Library | Filipiniana Section | 05/08/2024 | FIL 371.26 B181a 2020 | 027625 | 05/08/2024 | 15-15 | 05/08/2024 | Books |